00457nam a2200157Ia 4500003000900000008004100009040001600050080001700066100002100083245004300104260003800147300001600185490005400201650001900255650002500274IN-BaIIA211028s9999 xx 000 0 eng d cIIA Library a621.317bGAR aGardner, Floyd M 0aPhaselock techniquescFloyd M. Gardner aNew YorkbJohn Wiley & Sonsc1966 aviii, 182p. aThe Wiley monograph series on electronic circuits aNASA Thesaurus aPhase locked systems